| Tag |
First Indicator |
Second Indicator |
Subfields |
| LEADER |
00000cam a2200000Ia 4500 |
| 001 |
in00004497321 |
| 005 |
20191203131028.0 |
| 008 |
030909s2003 nyua b 001 0 eng d |
| 020 |
|
|
|a 0824707230 (alk. paper)
|
| 035 |
|
|
|a (OCoLC)ocm52996896
|
| 035 |
|
|
|z (UtOrBLW)35131
|
| 035 |
|
|
|a 51508
|
| 040 |
|
|
|a COU
|c COU
|d UtOrBLW
|
| 049 |
|
|
|a TMVM
|c 1
|
| 060 |
|
4 |
|a WF 140
|b U68 2003
|
| 245 |
0 |
0 |
|a Upper and lower respiratory disease /
|c edited by Jonathan Corren, Alkis Togias, Jean Bousquet.
|
| 264 |
|
1 |
|a New York :
|b Marcel Dekker, Inc.,
|c [2003]
|
| 264 |
|
4 |
|c ©2003
|
| 300 |
|
|
|a xvii, 522 pages :
|b illustrations ;
|c 24 cm.
|
| 336 |
|
|
|a text
|2 rdacontent
|b txt
|
| 337 |
|
|
|a unmediated
|2 rdamedia
|
| 338 |
|
|
|a volume
|2 rdacarrier
|b nc
|
| 490 |
1 |
|
|a Lung biology in health and disease ;
|v v. 181
|
| 504 |
|
|
|a Includes bibliographic references and index.
|
| 505 |
0 |
|
|a pt. 1. Anatomy and physiology of the upper and lower airways -- pt. 2. Epidemiology and pathogenesis of upper and lower airway disease -- pt. 3. Diagnosis and treatment of rhino-sinusitis and asthma -- pt. 4. Systemic diseases affecting upper and lower airways
|
| 650 |
|
2 |
|a Respiratory Tract Diseases.
|
| 700 |
1 |
|
|a Corren, Jonathan.
|
| 700 |
1 |
|
|a Togias, Alkis.
|
| 700 |
1 |
|
|a Bousquet, Jean,
|d 1946-
|
| 830 |
|
0 |
|a Lung biology in health and disease ;
|v v. 181.
|
| 999 |
|
|
|a MARS
|
| 999 |
f |
f |
|s 60339a88-3045-3d2f-b74c-bd2bae4cd9ef
|i 3305983d-a11f-3445-b819-030f977239c4
|t 0
|
| 952 |
f |
f |
|p ric
|a Texas A&M University
|b Rellis Campus
|c Joint Library Facility
|d Remote Storage
|t 0
|e WF 140 U68 2003
|h National Library of Medicine classification
|i unmediated -- volume
|m 3238901858127
|
| 998 |
f |
f |
|a WF 140 U68 2003
|t 0
|l Remote Storage
|